000
00211 a2200097 4500
001
46223
100
_a
245
_a
Conflicts in Africa
260
_a
London
_b
International Institute
_c
090
_c
29332
_d
29332
942
_a
NUST-CAE
_c
M
_c
21483
999
_c
281296
_d
281296